Click an Alan Quiz Stats

 Plays Quiz not verified by Sporcle

Also try: Click an Earl
Challenge
Share
Tweet
Embed
Score 0/25 Timer 05:00
0 Plays Today
% Correct
Alan Alda
86.8%
Alan Rickman
80.2%
Alan Alexandra Milne
79.6%
Alan Shepard
76%
Alan Greenspan
66.5%
Alan Thicke
65.9%
Alan Ladd
60.5%
Alan Hale Jr.
58.7%
Alan Arkin
57.5%
Alan Jackson
56.3%
Alan Turing
44.3%
Alan Ruck
38.3%
Alan Parsons
37.7%
% Correct
Alan Trammell
37.1%
Alan Davies
37.1%
Alan Sugar
36.5%
Alan Cumming
35.3%
Alan Shearer
35.3%
Alan Menken
31.1%
Alan Tudyk
24.6%
Alan Minter
24%
Alan Keyes
23.4%
Alan Bates
21%
Alan Ball
19.2%
Alan Autry
16.2%

You're not logged in!

Compare scores with friends on all Sporcle quizzes.
Join for Free
OR
Log In

You Might Also Like...

Show Comments

Extras

Top Quizzes Today


Score Distribution

Your Account Isn't Verified!

In order to create a playlist on Sporcle, you need to verify the email address you used during registration. Go to your Sporcle Settings to finish the process.

Report this User

Report this user for behavior that violates our Community Guidelines.

Details: